| 000 | 00733nam a2200229 a 4500 | ||
|---|---|---|---|
| 001 | 40137 | ||
| 003 | BD-RjUL | ||
| 005 | 20211209053138.0 | ||
| 008 | 160423s1964 bg ||||| |||| 00| 0 ben d | ||
| 020 | _c: Tk.3.00 | ||
| 035 | _a(BD-RjUL)40252 | ||
| 040 |
_aBD-RjUL _bben _cBD-RjUL |
||
| 041 | _aben | ||
| 082 |
_223 _a891.441 _bARO 1964 |
||
| 100 |
_aআরজু ,জাহানারা _9123588 |
||
| 245 |
_aরৌদ্র ঝরা গান / _cজাহানারা আরজু |
||
| 260 |
_aঢাকা : _bকবিতাঙ্গন, _c১৯৬৪ |
||
| 300 |
_a৮৭ পৃ. ; _c২১ সেমি. |
||
| 650 |
_aবাংলা কবিতা _9123589 |
||
| 650 |
_aBengali poetry _9123590 |
||
| 942 |
_2ddc _cBK |
||
| 999 |
_c40137 _d40137 |
||